[Event "Xtracon Chess Open 2016"]
[Site "Elsinore"]
[Date "2016.07.25"]
[Round "4.76"]
[White "Kizatbay, Abyl"]
[Black "Moe, Mogens"]
[Result "1/2-1/2"]
[WhiteElo "1961"]
[BlackElo "2138"]
[PlyCount "71"]
[EventDate "2016.07.23"]

1. e4 c5 2. Nc3 Nc6 3. g3 g6 4. Bg2 Bg7 5. f4 d6 6. d3 Nd4 7. Nd5 e6 8. Ne3 e5
9. Nf3 Ne7 10. O-O O-O 11. f5 f6 12. h4 Bh6 13. Nxd4 Bxe3+ 14. Bxe3 cxd4 15.
Bh6 Rf7 16. g4 Kh8 17. fxg6 hxg6 18. Bd2 Be6 19. g5 f5 20. h5 Qg8 21. h6 f4 22.
c3 Nc6 23. Qe1 Kh7 24. c4 Qd8 25. Qh4 Qd7 26. b4 Re7 27. Rf2 Nd8 28. a4 a6 29.
a5 Nf7 30. Bf3 Rb8 31. Be1 b5 32. axb6 Rxb6 33. Rb2 Qb7 34. Kh1 Nd8 35. b5 axb5
36. Ba5 1/2-1/2

[Event "Xtracon Chess Open 2016"]
[Site "Elsinore"]
[Date "2016.07.25"]
[Round "4.77"]
[White "Sorensen, Bernhard W"]
[Black "Lunde, Sigmund"]
[Result "0-1"]
[WhiteElo "1655"]
[BlackElo "1894"]
[PlyCount "102"]
[EventDate "2016.07.23"]

1. d4 d5 2. Bf4 e6 3. e3 c5 4. c3 Nc6 5. Nf3 Bd6 6. Bg3 Nge7 7. Bd3 c4 8. Bc2
b5 9. Nbd2 f5 10. Ne5 O-O 11. O-O Nxe5 12. dxe5 Bc5 13. b4 Bb6 14. a4 bxa4 15.
Rxa4 Bb7 16. Nf3 Ng6 17. Nd4 Qe7 18. f4 Rf7 19. Rf3 Nf8 20. Bf2 Nd7 21. Rh3 g6
22. Bh4 Qe8 23. Nb5 Qb8 24. Nd6 Rg7 25. Bg5 Bc7 26. Nb5 Bc6 27. Nxc7 Bxa4 28.
Nxe6 Bxc2 29. Qxc2 Rf7 30. Nd4 Nb6 31. e6 Rc7 32. Bf6 Qf8 33. Be5 Rb7 34. Nc6
Qe8 35. Nd4 Qa4 36. Qc1 Re8 37. Rg3 Rbe7 38. Nxf5 Rxe6 39. Nh6+ Kf8 40. Bd4 Nd7
41. f5 Ra6 42. fxg6 hxg6 43. Qf1+ Ke7 44. Qf7+ Kd8 45. Rf3 Qc2 46. Qxd5 Ra1+
47. Rf1 Rxf1+ 48. Kxf1 Rf8+ 49. Nf7+ Ke7 50. Bf6+ Nxf6 51. Qb7+ Nd7 0-1

[Event "Xtracon Chess Open 2016"]
[Site "Elsinore"]
[Date "2016.07.25"]
[Round "4.78"]
[White "Jacobsen, Per"]
[Black "Sande, Odmund"]
[Result "0-1"]
[WhiteElo "1636"]
[BlackElo "1877"]
[PlyCount "136"]
[EventDate "2016.07.23"]

1. b3 d5 2. Bb2 c5 3. e3 Nc6 4. Nf3 e6 5. Be2 Nf6 6. O-O Be7 7. a3 O-O 8. d4
Ne4 9. c4 cxd4 10. Nxd4 a5 11. cxd5 exd5 12. Nd2 Bd7 13. Nxe4 dxe4 14. Rc1 Qe8
15. Nb5 Rc8 16. Nd6 Bxd6 17. Qxd6 Qe6 18. Qg3 Qg6 19. Qxg6 hxg6 20. Rc5 Be6 21.
Rb5 Nd8 22. Bd4 a4 23. Bc5 axb3 24. Bxf8 Kxf8 25. Bd1 Rc3 26. h3 Bc4 27. Rb6
Nc6 28. Re1 Ne5 29. Be2 Nd3 30. Rb1 Rc2 31. Bd1 Bd5 32. R6xb3 Bxb3 33. Bxc2
Bxc2 34. Rxb7 Ba4 35. Ra7 Bc6 36. a4 Nb4 37. a5 Bd5 38. Rc7 Na6 39. Ra7 Bc4 40.
f3 exf3 41. gxf3 g5 42. Kf2 g6 43. Ke1 Kg7 44. Kd2 Kf6 45. Kc3 Bf1 46. Kd4 Ke6
47. Rb7 f5 48. Rb6+ Kf7 49. Rb7+ Kf6 50. Rb6+ Kg7 51. Rb7+ Kh6 52. Ra7 Nb4 53.
Kc3 Nc6 54. Ra8 Bxh3 55. a6 Bg2 56. a7 Nxa7 57. Rxa7 Bxf3 58. Kd4 g4 59. Ke5
Kg5 60. Ra1 g3 61. Rg1 g2 62. Ke6 Kg4 63. Kf6 g5 64. Ke5 Be4 65. Kf6 Kf3 66.
Kxg5 Kf2 67. Rxg2+ Kxg2 68. Kf4 Kf2 0-1

[Event "Xtracon Chess Open 2016"]
[Site "Elsinore"]
[Date "2016.07.25"]
[Round "4.79"]
[White "Klings, Peter"]
[Black "Justinussen, Sigurd B"]
[Result "1-0"]
[WhiteElo "2133"]
[BlackElo "1959"]
[PlyCount "41"]
[EventDate "2016.07.23"]

1. Nf3 d5 2. c4 e6 3. g3 Nf6 4. Bg2 Be7 5. O-O O-O 6. b3 b6 7. Bb2 Bb7 8. e3
Nbd7 9. Qe2 c5 10. Nc3 Re8 11. Rfd1 Bf8 12. d4 cxd4 13. Nxd4 Bc5 14. Nc2 Nf8
15. b4 Bxb4 16. Nxb4 Qe7 17. Nc2 Ba6 18. Na3 Rac8 19. Nab5 Rxc4 20. Ba3 Qd7 21.
Qxc4 1-0

[Event "Xtracon Chess Open 2016"]
[Site "Elsinore"]
[Date "2016.07.25"]
[Round "4.80"]
[White "Ukkelberg, Oyvind"]
[Black "Heinis, Vincent"]
[Result "0-1"]
[WhiteElo "1956"]
[BlackElo "2131"]
[PlyCount "106"]
[EventDate "2016.07.23"]

1. d4 Nf6 2. Bf4 g6 3. Nd2 Bg7 4. Ngf3 d6 5. h3 O-O 6. e3 c5 7. c3 cxd4 8. exd4
Nc6 9. Be2 e5 10. dxe5 dxe5 11. Nxe5 Nd5 12. Nxc6 bxc6 13. Bg3 Re8 14. O-O Bxc3
15. Bf3 Bxb2 16. Nc4 Bxa1 17. Qxa1 Ba6 18. Rc1 Bxc4 19. Rxc4 Qf6 20. Qc1 Nb6
21. Rxc6 Rac8 22. Bc7 Re6 23. Rxe6 Qxe6 24. Bb7 Re8 25. Qc6 Qxc6 26. Bxc6 Re1+
27. Kh2 Rc1 28. Bxb6 axb6 29. Bd5 Kf8 30. Kg3 Ke7 31. Kf3 Rd1 32. Bb3 Rd4 33.
Ke3 Rb4 34. g3 g5 35. g4 f6 36. Kd3 Kd6 37. Kd2 h6 38. Kd3 Ke5 39. Ke3 Re4+ 40.
Kf3 Re1 41. Bc4 Kd4 42. Bf7 b5 43. Bg8 b4 44. Bf7 Kc3 45. Bg8 Kb2 46. Bf7 Rh1
47. Kg3 Ra1 48. Kf3 Rxa2 49. Bxa2 Kxa2 50. Ke4 b3 51. Kf5 b2 52. Kxf6 b1=Q 53.
Kg7 Qb6 0-1

[Event "Xtracon Chess Open 2016"]
[Site "Elsinore"]
[Date "2016.07.25"]
[Round "4.81"]
[White "Hjornevik, Knut J"]
[Black "Schultz Pedersen, Jesper"]
[Result "0-1"]
[WhiteElo "1945"]
[BlackElo "2121"]
[PlyCount "122"]
[EventDate "2016.07.23"]

1. d4 Nc6 2. Nf3 d5 3. c4 Bg4 4. cxd5 Bxf3 5. gxf3 Qxd5 6. e3 e5 7. Nc3 Bb4 8.
Bd2 Bxc3 9. bxc3 exd4 10. cxd4 Nge7 11. Bd3 O-O 12. Ke2 Rfe8 13. Be4 Qb5+ 14.
Ke1 Rad8 15. Qb1 Qh5 16. Qxb7 Nxd4 17. exd4 f5 18. Be3 fxe4 19. fxe4 Qf3 20.
Rg1 Rb8 21. Qa6 Qxe4 22. Rc1 Nf5 23. Qc4+ Kh8 24. Qxc7 g6 25. Rg3 Nxg3 26. hxg3
Rb2 27. Qc6 Qxc6 28. Rxc6 Rxa2 29. d5 Ra5 30. d6 Rd5 31. Ra6 Re6 32. Rxa7 Rexd6
33. Bh6 Rd7 34. Ra8+ Rd8 35. Rxd8+ Rxd8 36. Kf1 Kg8 37. Kg2 Rd5 38. Be3 Kf7 39.
Kh3 Kf6 40. Kg4 Rb5 41. Kh4 Kf5 42. Kh3 h5 43. Ba7 g5 44. Be3 Rb3 45. g4+ hxg4+
46. Kg3 Rb7 47. Kg2 Rh7 48. Kg3 Rh3+ 49. Kg2 Rf3 50. Bd2 Kg6 51. Be3 Kh5 52.
Bc5 Rd3 53. Bb6 g3 54. fxg3 Kg4 55. Bc7 Rd2+ 56. Kg1 Kf3 57. Bb8 Rg2+ 58. Kh1
g4 59. Bc7 Kf2 60. Bd6 Kf1 61. Bc7 Rb2 0-1

[Event "Xtracon Chess Open 2016"]
[Site "Elsinore"]
[Date "2016.07.25"]
[Round "4.82"]
[White "Hofmann, Rares"]
[Black "Rolvag, Birk Anders"]
[Result "1-0"]
[WhiteElo "2118"]
[BlackElo "1959"]
[PlyCount "85"]
[EventDate "2016.07.23"]

1. e4 c5 2. Nf3 Nc6 3. Bb5 Nf6 4. Bxc6 dxc6 5. d3 g6 6. Nc3 Bg7 7. h3 O-O 8.
O-O b6 9. Be3 Ne8 10. a4 a5 11. Qd2 e5 12. Rae1 Nc7 13. Ne2 Ne6 14. Ng3 Qd6 15.
Bh6 Ba6 16. Nh4 Rfd8 17. Bxg7 Nxg7 18. Qh6 c4 19. Nf3 Ne6 20. Re3 cxd3 21. cxd3
f6 22. Rd1 c5 23. Ne2 Ra7 24. Nc3 Rad7 25. Qh4 Nc7 26. Qg3 Qe6 27. h4 c4 28. d4
exd4 29. Rxd4 Bb7 30. Rxd7 Rxd7 31. h5 g5 32. e5 Bxf3 33. exf6 Qg4 34. Rxf3
Qxh5 35. Qe5 h6 36. Qf5 Qe8 37. Ne4 Ne6 38. f7+ Rxf7 39. Nf6+ Rxf6 40. Qxf6 Nf4
41. Qxh6 Qe1+ 42. Kh2 Qe5 43. Re3 1-0

[Event "Xtracon Chess Open 2016"]
[Site "Elsinore"]
[Date "2016.07.25"]
[Round "4.83"]
[White "Ingebretsen, Jens E"]
[Black "Laustsen, Lars"]
[Result "0-1"]
[WhiteElo "1862"]
[BlackElo "2118"]
[PlyCount "60"]
[EventDate "2016.07.23"]

1. e4 c5 2. Nf3 d6 3. d4 cxd4 4. Nxd4 Nf6 5. Nc3 a6 6. Be3 e5 7. Nb3 Be6 8. Qd2
Be7 9. f3 h5 10. O-O-O Nbd7 11. Be2 Rc8 12. g4 hxg4 13. fxg4 Nxg4 14. Bxg4 Bxg4
15. Rdf1 Be6 16. Rhg1 Rh7 17. Nd5 Nf6 18. Nxf6+ Bxf6 19. Na5 Qc7 20. Kb1 Rh4
21. Bg5 Bxg5 22. Rxg5 g6 23. Re1 b6 24. Nb3 Qc4 25. Qxd6 Qxc2+ 26. Ka1 Rd8 27.
Rg2 Qxg2 28. Qc6+ Ke7 29. Qc7+ Rd7 30. Qxe5 Rxe4 0-1

[Event "Xtracon Chess Open 2016"]
[Site "Elsinore"]
[Date "2016.07.25"]
[Round "4.84"]
[White "Brorsen, Jacob Abildlund"]
[Black "Rasmussen, Lars"]
[Result "1-0"]
[WhiteElo "2112"]
[BlackElo "1956"]
[PlyCount "93"]
[EventDate "2016.07.23"]

1. c4 e5 2. Nc3 Nf6 3. g3 d5 4. cxd5 Nxd5 5. Bg2 Nb6 6. Nf3 Nc6 7. O-O Be7 8.
d3 O-O 9. Be3 Be6 10. Ne4 Nd5 11. Bc5 Re8 12. Rc1 Rb8 13. a3 h6 14. b4 Bg4 15.
h3 Bxf3 16. Bxf3 Nd4 17. Bg2 Ne6 18. Qb3 Bxc5 19. Nxc5 c6 20. Rfd1 Re7 21. e3
Nxc5 22. Rxc5 Nc7 23. h4 Qe8 24. a4 a6 25. Rdc1 Ne6 26. Rxe5 Rd8 27. d4 Nc7 28.
Rxe7 Qxe7 29. Qc4 Nd5 30. Qc5 Qe6 31. e4 Nf6 32. d5 cxd5 33. exd5 Qe2 34. Qc7
Rd7 35. Qf4 Rd8 36. d6 Qd3 37. Bxb7 Qxd6 38. Qxd6 Rxd6 39. Rc6 Rd1+ 40. Kg2 Rb1
41. Rc8+ Kh7 42. Bxa6 Rxb4 43. a5 Ra4 44. Bd3+ g6 45. Rc7 Kg7 46. Bc4 Nd7 47.
Bb5 1-0

[Event "Xtracon Chess Open 2016"]
[Site "Elsinore"]
[Date "2016.07.25"]
[Round "4.85"]
[White "Smeby, Ole"]
[Black "Mardell, Jimmy"]
[Result "0-1"]
[WhiteElo "1847"]
[BlackElo "2112"]
[PlyCount "68"]
[EventDate "2016.07.23"]

1. d4 Nf6 2. Nf3 e6 3. c4 c5 4. d5 exd5 5. cxd5 d6 6. Nc3 g6 7. Nd2 Bg7 8. e4
O-O 9. Bd3 Re8 10. O-O a6 11. a4 Nbd7 12. f4 Nh5 13. Nf3 Qc7 14. Re1 c4 15. Bf1
Nc5 16. Qc2 Nb3 17. Ra3 Nxc1 18. Qxc1 Bg4 19. Nd1 Rac8 20. h3 Bxf3 21. Rxf3 f5
22. Nc3 Qc5+ 23. Kh1 fxe4 24. Rxe4 Rxe4 25. Nxe4 Qxd5 26. Nd2 b5 27. axb5 axb5
28. b3 c3 29. Rd3 Ng3+ 30. Kh2 Nxf1+ 31. Qxf1 Qxd3 32. Qxd3 c2 33. Nc4 c1=Q 34.
Qd5+ Kh8 0-1

[Event "Xtracon Chess Open 2016"]
[Site "Elsinore"]
[Date "2016.07.25"]
[Round "4.86"]
[White "Chittka, Julius"]
[Black "Steenstrup, Svend"]
[Result "1-0"]
[WhiteElo "2109"]
[BlackElo "1951"]
[PlyCount "67"]
[EventDate "2016.07.23"]

1. d4 Nf6 2. c4 g6 3. Nc3 d5 4. Nf3 Bg7 5. h4 c6 6. Bg5 dxc4 7. e4 b5 8. e5 Nd5
9. h5 h6 10. hxg6 fxg6 11. Bd2 Bf5 12. Nh4 Qd7 13. Be2 Nb4 14. Nxf5 Qxf5 15.
O-O N8a6 16. a4 Rd8 17. axb5 Rxd4 18. bxa6 Qd7 19. Qa4 Bxe5 20. Rfd1 Nd3 21.
Be3 Nxf2 22. Bxd4 Bxd4 23. Rxd4 Qxd4 24. Qxc6+ Kd8 25. Qd5+ Qxd5 26. Nxd5 Nd3
27. Bxd3 cxd3 28. Rd1 Kd7 29. Rxd3 Ke6 30. Nc7+ Ke5 31. Nb5 Ke4 32. Rd7 e5 33.
Rxa7 g5 34. Rd7 1-0

[Event "Xtracon Chess Open 2016"]
[Site "Elsinore"]
[Date "2016.07.25"]
[Round "4.87"]
[White "Holm, Ragnar"]
[Black "Kalveus, Jan"]
[Result "1-0"]
[WhiteElo "2104"]
[BlackElo "1773"]
[PlyCount "85"]
[EventDate "2016.07.23"]

1. c4 f5 2. d4 Nf6 3. Nf3 e6 4. g3 Bb4+ 5. Bd2 Bxd2+ 6. Nbxd2 b6 7. Bg2 Bb7 8.
O-O O-O 9. Qb3 Qe7 10. Rad1 d6 11. d5 e5 12. e4 g6 13. Rfe1 Nbd7 14. exf5 gxf5
15. Nd4 Nc5 16. Nxf5 Qe8 17. Qf3 Bc8 18. b4 Bxf5 19. Qxf5 Ncd7 20. Qe6+ Kh8 21.
Qxe8 Raxe8 22. Bh3 h5 23. Kg2 Rf7 24. Bxd7 Rxd7 25. Ne4 Nxe4 26. Rxe4 Rf8 27.
Rd3 Rdf7 28. Re2 Kg7 29. Ra3 Ra8 30. Ree3 Kg6 31. Ra6 Raf8 32. f3 h4 33. gxh4
Kh5 34. Rxa7 Rg8+ 35. Kf2 Rfg7 36. Ke2 Rg2+ 37. Kd3 Rb2 38. Rxc7 Rgg2 39. Ke4
Rbd2 40. Kf5 Kh6 41. Rc6 Rg6 42. Rxe5 Rf2 43. Re6 1-0

[Event "Xtracon Chess Open 2016"]
[Site "Elsinore"]
[Date "2016.07.25"]
[Round "4.88"]
[White "Kristian, Pade Frederiksen"]
[Black "Andersen, Rune"]
[Result "0-1"]
[WhiteElo "1832"]
[BlackElo "2100"]
[PlyCount "34"]
[EventDate "2016.07.23"]

1. d4 d5 2. c4 c6 3. Nc3 Nf6 4. e3 e6 5. Nf3 Nbd7 6. b3 Bb4 7. Bd2 O-O 8. Be2
Re8 9. O-O a6 10. Qc2 e5 11. dxe5 Nxe5 12. Nxe5 Rxe5 13. Qb2 d4 14. exd4 Qxd4
15. a3 Rxe2 16. Nxe2 Qxb2 17. axb4 Bg4 0-1

[Event "Xtracon Chess Open 2016"]
[Site "Elsinore"]
[Date "2016.07.25"]
[Round "4.89"]
[White "Rishovd, Svein"]
[Black "Pedersen, Kim Michael"]
[Result "1-0"]
[WhiteElo "2099"]
[BlackElo "1745"]
[PlyCount "69"]
[EventDate "2016.07.23"]

1. d4 d5 2. c4 Nf6 3. cxd5 Nxd5 4. e4 Nb6 5. Nf3 g6 6. Be3 Bg7 7. Nc3 O-O 8. h3
N6d7 9. Qd2 c6 10. Rd1 Nf6 11. Bc4 b5 12. Bd3 a6 13. O-O Bb7 14. Rfe1 Qa5 15.
e5 b4 16. Ne4 Nd5 17. Bh6 Bc8 18. Bxg7 Kxg7 19. Nh4 Qb6 20. Bc4 a5 21. Qg5 Qd8
22. Bxd5 cxd5 23. Ng3 Kh8 24. Qh6 Rg8 25. Nf3 Qf8 26. Qf4 Qg7 27. Rc1 g5 28.
Nxg5 Qxg5 29. Qxg5 Rxg5 30. Rxc8+ Rg8 31. Rec1 Nd7 32. R8c7 Rgd8 33. Nf5 e6 34.
Nd6 Kg8 35. Nb7 1-0

[Event "Xtracon Chess Open 2016"]
[Site "Elsinore"]
[Date "2016.07.25"]
[Round "4.90"]
[White "Satre, Roger"]
[Black "Kaasen, Tor Fredrik"]
[Result "0-1"]
[WhiteElo "1797"]
[BlackElo "2219"]
[PlyCount "98"]
[EventDate "2016.07.23"]

1. e4 c5 2. Nc3 Nc6 3. g3 g6 4. Bg2 Bg7 5. d3 d6 6. Be3 Rb8 7. Qd2 b5 8. h4 h5
9. Nh3 Nd4 10. Nd5 Bg4 11. Ng5 b4 12. c3 Nc6 13. O-O Qa5 14. cxb4 Nxb4 15. Nxb4
Qxb4 16. Rab1 Qxd2 17. Bxd2 Be2 18. Bc3 Kf8 19. Rfe1 Bxd3 20. Rbd1 Bc4 21. e5
Bxe5 22. Bxe5 dxe5 23. b3 Bb5 24. Rxe5 Nf6 25. Rxc5 Kg7 26. Rc7 Rbd8 27. Rxd8
Rxd8 28. Rxe7 Rd1+ 29. Kh2 Ng4+ 30. Kh3 Nxf2+ 31. Kh2 Ng4+ 32. Kh3 Rd2 33.
Rxf7+ Kg8 34. Rc7 Bd7 35. Ne4 Nf2+ 36. Kh2 Nxe4 37. Rxd7 Rxd7 38. Bxe4 Kg7 39.
Kg2 Rd2+ 40. Kf3 Rxa2 41. g4 Rb2 42. Bd5 Rd2 43. Bc4 Rd4 44. gxh5 gxh5 45. Kg3
Rg4+ 46. Kh3 Rxc4 47. bxc4 a5 48. c5 Kf6 49. c6 Ke6 0-1

[Event "Xtracon Chess Open 2016"]
[Site "Elsinore"]
[Date "2016.07.25"]
[Round "4.91"]
[White "Nielsen, Hogni Egilstoft"]
[Black "Dittrich, Tom"]
[Result "1-0"]
[WhiteElo "2301"]
[BlackElo "1864"]
[PlyCount "45"]
[EventDate "2016.07.23"]

1. e4 c5 2. Nf3 d6 3. Bb5+ Nd7 4. d4 cxd4 5. Qxd4 a6 6. Bxd7+ Bxd7 7. c4 Nf6 8.
Bg5 e6 9. Nc3 h6 10. Bh4 Bc6 11. O-O Be7 12. Rfd1 O-O 13. Bg3 e5 14. Qe3 Qc8
15. h3 b5 16. cxb5 axb5 17. Bh4 g5 18. Rac1 Qb7 19. Nxg5 hxg5 20. Qxg5+ Kh8 21.
Rxd6 Bxd6 22. Qh6+ Nh7 23. Bf6+ 1-0

[Event "Xtracon Chess Open 2016"]
[Site "Elsinore"]
[Date "2016.07.25"]
[Round "4.92"]
[White "Andreassen, Mikkel"]
[Black "Ivarsson, Torbjorn"]
[Result "1/2-1/2"]
[WhiteElo "1937"]
[BlackElo "2180"]
[PlyCount "81"]
[EventDate "2016.07.23"]

1. d4 e6 2. c4 b6 3. e4 Bb7 4. Bd3 Bb4+ 5. Bd2 Bxd2+ 6. Nxd2 Nc6 7. Ngf3 Qf6 8.
e5 Qf4 9. g3 Qh6 10. O-O O-O-O 11. Re1 Nge7 12. Nb3 d6 13. exd6 Rxd6 14. Qe2
Rhd8 15. c5 Rd5 16. Be4 R5d7 17. a4 Qh5 18. a5 f5 19. a6 Ba8 20. cxb6 cxb6 21.
Bxc6 Bxc6 22. Rac1 f4 23. Ne5 Qxe2 24. Rxe2 Rc7 25. Rec2 Rd6 26. d5 Rxd5 27.
Nxc6 Nxc6 28. Rxc6 Rxc6 29. Rxc6+ Kd7 30. Rc3 e5 31. Kg2 Kd6 32. Kf3 g5 33. Ke4
Rb5 34. h4 fxg3 35. fxg3 gxh4 36. g4 Rb4+ 37. Kf5 h6 38. Rd3+ Kc6 39. Kxe5 Rxg4
40. Nd4+ Kc5 41. Rc3+ 1/2-1/2

[Event "Xtracon Chess Open 2016"]
[Site "Elsinore"]
[Date "2016.07.25"]
[Round "4.93"]
[White "Johansen, Johnny Holler"]
[Black "Grove, Peter"]
[Result "0-1"]
[WhiteElo "1919"]
[BlackElo "2155"]
[PlyCount "74"]
[EventDate "2016.07.23"]

1. e4 c5 2. Nf3 e6 3. d4 cxd4 4. Nxd4 a6 5. Bd3 Qc7 6. O-O b5 7. Be3 Nf6 8. Nd2
Bb7 9. Re1 Bc5 10. N4b3 Bxe3 11. Rxe3 d6 12. Nd4 Nbd7 13. c3 O-O 14. Bc2 Ne5
15. f4 Neg4 16. Rg3 e5 17. h3 Nh6 18. fxe5 dxe5 19. N4f3 Rfd8 20. Qe2 Nh5 21.
Rg5 Nf4 22. Qf2 f6 23. Bb3+ Kh8 24. Rg3 Nh5 25. Nf1 Bxe4 26. Nh4 Nxg3 27. Nxg3
Bg6 28. Kh1 b4 29. Nxg6+ hxg6 30. Ne4 a5 31. Qh4 a4 32. Be6 Qe7 33. Bc4 Rac8
34. Be2 a3 35. bxa3 bxc3 36. Rf1 c2 37. Rc1 Qxa3 0-1

[Event "Xtracon Chess Open 2016"]
[Site "Elsinore"]
[Date "2016.07.25"]
[Round "4.94"]
[White "Meyer, Juergen"]
[Black "Burrows, Martin P"]
[Result "0-1"]
[WhiteElo "1925"]
[BlackElo "2149"]
[PlyCount "102"]
[EventDate "2016.07.23"]

1. e4 c5 2. Nf3 d6 3. d4 cxd4 4. Qxd4 Nc6 5. Bb5 Bd7 6. Bxc6 Bxc6 7. Nc3 e5 8.
Qd3 h6 9. Be3 Nf6 10. O-O-O Be7 11. h3 Qa5 12. Kb1 b5 13. Nd2 a6 14. f3 Rd8 15.
Qe2 Rd7 16. Qf2 Bd8 17. Rhe1 b4 18. Nc4 Qc7 19. Bb6 Qb8 20. Nd5 Nxd5 21. exd5
Bb5 22. Bxd8 Bxc4 23. Bh4 g5 24. Bg3 Re7 25. Qd2 a5 26. h4 Rg8 27. hxg5 hxg5
28. Bf2 Ba6 29. c3 b3 30. axb3 Qxb3 31. Qc2 a4 32. Qxb3 axb3 33. Re4 Bc8 34. g4
f5 35. Rb4 fxg4 36. fxg4 Rb7 37. Rxb7 Bxb7 38. c4 Ba6 39. c5 Rf8 40. Be3 dxc5
41. Bxg5 Kd7 42. Bh6 Rf2 43. Be3 Rg2 44. Bxc5 Rxg4 45. Rg1 Bd3+ 46. Ka1 Ra4+
47. Ba3 Rh4 48. Rg7+ Ke8 49. Bc5 Rc4 50. Rg8+ Kf7 51. Rf8+ Kg7 0-1

[Event "Xtracon Chess Open 2016"]
[Site "Elsinore"]
[Date "2016.07.25"]
[Round "4.95"]
[White "Vestby Ellingsen, Mads"]
[Black "Kyrkjebo, Marte Bakken"]
[Result "1/2-1/2"]
[WhiteElo "2126"]
[BlackElo "1860"]
[PlyCount "159"]
[EventDate "2016.07.23"]

1. e4 e5 2. Nf3 Nc6 3. Bb5 a6 4. Ba4 Nf6 5. O-O b5 6. Bb3 Bc5 7. d3 d6 8. c3 h6
9. d4 Bb6 10. dxe5 Nxe5 11. Nxe5 dxe5 12. Qxd8+ Kxd8 13. Bxf7 Rf8 14. Bd5 Nxd5
15. exd5 Bb7 16. Be3 Bxe3 17. fxe3 Rxf1+ 18. Kxf1 Bxd5 19. Nd2 Ke7 20. e4 Bc6
21. Ke2 Rf8 22. Ke3 a5 23. Rf1 Rxf1 24. Nxf1 Bd7 25. Ng3 Kf6 26. Ne2 Be6 27.
Nc1 a4 28. b3 axb3 29. axb3 c6 30. Kd3 c5 31. c4 b4 32. Ke3 Ke7 33. Kf3 g6 34.
Nd3 Kd6 35. Nf2 Bf7 36. Nd1 Be6 37. Ne3 h5 38. Kg3 g5 39. Kf3 Bf7 40. Nd1 Be6
41. Nf2 Ke7 42. Ke2 Bf7 43. Nd1 Bg6 44. Kd3 Ke6 45. Ne3 Bh7 46. Nd5 Bg6 47. Ke3
Bh7 48. Nc7+ Kd7 49. Nd5 Ke6 50. Kf3 Bg6 51. h3 Bh7 52. Ne3 Bg6 53. Nf1 Kd6 54.
Ng3 Ke6 55. Ke3 Kf6 56. Ne2 Ke6 57. Ng1 Kf6 58. Nf3 Bf7 59. Ne1 Ke6 60. Nd3 Kd6
61. Nb2 Be8 62. Nd1 Bg6 63. Nf2 Ke6 64. Kf3 Bh7 65. g3 Bg6 66. Ke3 Bh7 67. Kd3
Bg6 68. g4 h4 69. Nd1 Kd6 70. Ne3 Ke6 71. Nf5 Bh7 72. Ng7+ Kf7 73. Nf5 Ke6 74.
Ne3 Bg6 75. Nd5 Bh7 76. Nc7+ Kd7 77. Nd5 Ke6 78. Nb6 Bg6 79. Na4 Kd6 80. Nb6
1/2-1/2

[Event "Xtracon Chess Open 2016"]
[Site "Elsinore"]
[Date "2016.07.25"]
[Round "4.96"]
[White "Nielsen, Thomas"]
[Black "Molvig, Henrik"]
[Result "0-1"]
[WhiteElo "1906"]
[BlackElo "2110"]
[PlyCount "58"]
[EventDate "2016.07.23"]

1. d4 Nf6 2. c4 g6 3. Nc3 Bg7 4. e4 d6 5. Be2 O-O 6. Be3 Na6 7. Qd2 c5 8. e5
cxd4 9. Bxd4 dxe5 10. Bxe5 Qxd2+ 11. Kxd2 Ne4+ 12. Nxe4 Bxe5 13. Rb1 Bf5 14.
Bf3 Rfd8+ 15. Ke3 Nb4 16. g4 Be6 17. b3 Rd3+ 18. Ke2 Rad8 19. Kf1 b6 20. a3 Nc2
21. Ng5 Bc8 22. Be4 Rd1+ 23. Rxd1 Rxd1+ 24. Ke2 Rc1 25. Bd5 Nd4+ 26. Ke3 a5 27.
Bg2 Rc3+ 28. Ke4 f6 29. N5f3 Bb7# 0-1

[Event "Xtracon Chess Open 2016"]
[Site "Elsinore"]
[Date "2016.07.25"]
[Round "4.97"]
[White "Hansen, Tommy"]
[Black "Kunz, Andre"]
[Result "0-1"]
[WhiteElo "1835"]
[BlackElo "2105"]
[PlyCount "101"]
[EventDate "2016.07.23"]

1. e4 c6 2. d4 d5 3. exd5 cxd5 4. c4 Nf6 5. Nc3 Nc6 6. Bg5 dxc4 7. d5 Ne5 8.
Qd4 h6 9. Bh4 Ng6 10. Bxf6 exf6 11. Bxc4 Bd6 12. Nge2 O-O 13. O-O a6 14. a4 Bd7
15. Kh1 Rc8 16. Bd3 Bc5 17. Qe4 Re8 18. Qf3 Ne5 19. Qg3 Nxd3 20. Qxd3 Re5 21.
Ng3 Qb6 22. Nge4 Bf5 23. f3 Bb4 24. Rfd1 Rd8 25. Qc4 Rc8 26. Qb3 a5 27. Rac1
Qe3 28. Re1 Qb6 29. Red1 Qd8 30. Qc2 Bxc3 31. bxc3 Rxd5 32. Rxd5 Qxd5 33. c4
Qc6 34. Qd3 Bg6 35. Qc3 Bxe4 36. fxe4 Qxa4 37. c5 Qb4 38. Qxb4 axb4 39. Kg1 Rc6
40. Kf2 b6 41. cxb6 Rxb6 42. Rb1 b3 43. Rb2 Kf8 44. Ke3 Ke7 45. h4 h5 46. g3
Ke6 47. Kd3 Ke5 48. Ke3 Rb7 49. Kd3 Rb4 50. Kc3 Rxe4 51. Rxb3 0-1

[Event "Xtracon Chess Open 2016"]
[Site "Elsinore"]
[Date "2016.07.25"]
[Round "4.98"]
[White "Sajjadi, Kimiya"]
[Black "Nielsen, Thomas Bach"]
[Result "0-1"]
[WhiteElo "1860"]
[BlackElo "2103"]
[PlyCount "60"]
[EventDate "2016.07.23"]

1. d4 Nf6 2. c4 c5 3. d5 e5 4. Nc3 d6 5. e4 g6 6. Bd3 Bg7 7. Nge2 Nbd7 8. O-O
O-O 9. Ng3 h6 10. a4 Rb8 11. h3 Ne8 12. Be3 Nc7 13. Qd2 Re8 14. Rfb1 b6 15. b4
cxb4 16. Rxb4 a5 17. Rbb1 Na6 18. Rc1 Ndc5 19. Bxc5 Nxc5 20. Bc2 Rf8 21. Rab1
f5 22. exf5 gxf5 23. Nb5 Rb7 24. Rd1 Rbf7 25. Rf1 Kh8 26. Nh5 Rg8 27. Kh2 f4
28. Nxg7 Rfxg7 29. Ra1 Qh4 30. f3 Rg3 0-1

[Event "Xtracon Chess Open 2016"]
[Site "Elsinore"]
[Date "2016.07.25"]
[Round "4.99"]
[White "Calderon, Paul"]
[Black "Palozza, Christian"]
[Result "0-1"]
[WhiteElo "1828"]
[BlackElo "2090"]
[PlyCount "100"]
[EventDate "2016.07.23"]

1. c4 c6 2. Nf3 d5 3. b3 e6 4. g3 f5 5. Bb2 Nf6 6. Ne5 Bd6 7. f4 O-O 8. Bg2
Nbd7 9. d4 Ne4 10. O-O Ndf6 11. Nc3 Bd7 12. Nxe4 fxe4 13. e3 Be8 14. g4 Nd7 15.
g5 Bxe5 16. dxe5 Bg6 17. Ba3 Rf7 18. h4 Bf5 19. h5 Nb8 20. Bd6 Na6 21. Re1 h6
22. g6 Rd7 23. Rc1 Qh4 24. cxd5 exd5 25. Bf1 Qg3+ 26. Kh1 Bg4 27. Qd2 Bf3+ 28.
Bg2 Qh3+ 29. Kg1 Bxg2 30. Qxg2 Qxh5 31. Rf1 Qf5 32. Kf2 Nc7 33. Rh1 Nb5 34. Bb4
a5 35. Bc5 a4 36. b4 Re8 37. Ke2 Re6 38. Rhg1 d4 39. exd4 Nxd4+ 40. Ke3 Nf3 41.
Rgd1 Rxd1 42. Rxd1 Rxg6 43. Qc2 Rg3 44. Rd8+ Kh7 45. Rf8 Qg6 46. Qxa4 Nd4+ 47.
Kd2 Rd3+ 48. Kc1 Qg1+ 49. Kb2 Rd2+ 50. Kc3 Qc1+ 0-1

[Event "Xtracon Chess Open 2016"]
[Site "Elsinore"]
[Date "2016.07.25"]
[Round "4.100"]
[White "Densing, Gerd"]
[Black "Jensen, Thore Nyboe"]
[Result "0-1"]
[WhiteElo "1814"]
[BlackElo "2081"]
[PlyCount "72"]
[EventDate "2016.07.23"]

1. d4 e6 2. Nf3 Nf6 3. e3 b6 4. Bd3 Bb7 5. O-O c5 6. b3 cxd4 7. exd4 Nc6 8. Bb2
Be7 9. Nbd2 O-O 10. a3 Nd5 11. c4 Nf4 12. Bc2 d5 13. g3 Nh3+ 14. Kg2 Ng5 15.
Nxg5 Bxg5 16. cxd5 Na5 17. f4 Bxd5+ 18. Kg1 Be7 19. b4 Nb7 20. Be4 Rc8 21. Rc1
Rxc1 22. Qxc1 Bxe4 23. Nxe4 Qd5 24. Qe3 Rd8 25. Re1 a5 26. Bc3 axb4 27. axb4
Ra8 28. Re2 h6 29. g4 Ra3 30. Qd2 Rb3 31. f5 Rb1+ 32. Kf2 Bh4+ 33. Ng3 Rh1 34.
Qf4 Rxh2+ 35. Ke1 Rxe2+ 36. Kxe2 Qg2+ 0-1

[Event "Xtracon Chess Open 2016"]
[Site "Elsinore"]
[Date "2016.07.25"]
[Round "4.101"]
[White "Salerno, Christian"]
[Black "Overgaard, Jorgen"]
[Result "1-0"]
[WhiteElo "2052"]
[BlackElo "1854"]
[PlyCount "125"]
[EventDate "2016.07.23"]

1. e4 d5 2. exd5 Nf6 3. c4 e6 4. d4 exd5 5. Nc3 Bb4 6. Bd3 O-O 7. Bg5 Re8+ 8.
Nge2 Bxc3+ 9. bxc3 dxc4 10. Bxc4 Qd6 11. O-O Ne4 12. Be3 Qe7 13. Qc2 Nd7 14.
Bd3 Ndf6 15. c4 Ng4 16. Bf4 Ngf6 17. h3 Nh5 18. Be5 Ng5 19. h4 Ne6 20. Bxh7+
Kh8 21. g3 Nf6 22. Bd3 Ng4 23. Bf4 g5 24. hxg5 Nxg5 25. Bxg5 Qxg5 26. Kg2 Kg7
27. Nf4 Rh8 28. Rh1 Bd7 29. Qd2 Qf6 30. Nh5+ Rxh5 31. Rxh5 Qxd4 32. Qg5+ Kf8
33. Qc5+ Qxc5 34. Rxc5 Bc6+ 35. Kg1 Rd8 36. Bf5 Nf6 37. Re1 Ne8 38. Be4 Bxe4
39. Rxe4 Rd1+ 40. Kg2 Rd2 41. Ra5 a6 42. c5 Nf6 43. Rb4 b6 44. cxb6 cxb6 45.
Rxa6 Nd5 46. Rb3 Kg7 47. a3 Ra2 48. Ra4 Rd2 49. Re4 f5 50. Re5 Kf6 51. Rxd5
Rxd5 52. Rxb6+ Ke5 53. a4 Rd4 54. Rb5+ Ke4 55. f3+ Ke3 56. Rxf5 Rxa4 57. Re5+
Kd2 58. g4 Kd3 59. g5 Ra8 60. Kg3 Kd4 61. f4 Rg8 62. Kg4 Rf8 63. g6 1-0